Medzinárodná fiškálna koordinácia vo vybraných krajinách bakalárska práca
Saved in:
| Main Author: | |
|---|---|
| Corporate Author: | |
| Other Authors: | |
| Format: | Book |
| Language: | Slovak |
| Published: |
Bratislava
2024
|
| Tags: |
No Tags, Be the first to tag this record!
|
MARC
| LEADER | 00000nbm a2200000 4500 | ||
|---|---|---|---|
| 001 | 0301615 | ||
| 005 | 20241025101919.6 | ||
| 041 | 0 | |a slo | |
| 044 | |a SK | ||
| 245 | 1 | 0 | |a Medzinárodná fiškálna koordinácia vo vybraných krajinách |b bakalárska práca |c Kristína Fedašová ; školiteľ: Matej Boór |
| 264 | 1 | |a Bratislava |c 2024 | |
| 300 | |a 42 s. | ||
| 100 | 1 | |a Fedašová, Kristína | |
| 700 | 1 | |a Boór, Matej, 1988- | |
| 710 | 2 | |a Národohospodárska fakulta EU. Katedra financií | |